000 00251nam a2200109Ia 4500
008 200302s9999 xx 000 0 und d
100 _aBridget Cherry
245 _aLondon 4: North
260 _bYale University Press
260 _c2002
300 _a810 P
999 _c4749
_d4749